[Event "FRA-chT 0102 U18"]
[Site "France"]
[Date "2001.11.??"]
[Round "2.5"]
[White "Alberola, Antoine"]
[Black "Boukobza, Adrien"]
[Result "0-1"]
[WhiteElo "1130"]
[BlackElo "1930"]
[PlyCount "86"]
[EventDate "2001.10.??"]
[EventType "team"]
[EventRounds "11"]
[EventCountry "FRA"]
[SourceTitle "EXT 2003"]
[Source "ChessBase"]
[SourceDate "2002.11.25"]
[SourceVersion "1"]
[SourceVersionDate "2002.11.25"]
[SourceQuality "1"]
[WhiteTeam "Livry Gargan"]
[BlackTeam "Clichy"]
[WhiteTeamCountry "FRA"]
[BlackTeamCountry "FRA"]

1. e4 e6 2. Nc3 d5 3. Bd3 c5 4. Bb5+ Nc6 5. d3 Nf6 6. e5 Nd7 7. Bf4 d4 8. Ne4 Qa5+ 9. Qd2 Qxb5 10. Nd6+ Bxd6 11. exd6 Qxb2 12. Qd1 Nb4 13. Nf3 Nxc2+ 14. Kf1 Nxa1 15. a4 Nb3 16. Qe1 Qa1 17. Qxa1 Nxa1 18. Nd2 e5 19. Bg3 f6 20. Ke2 Nc2 21. Rc1 Nb4 22. Re1 Kf7 23. Kf1 Ke6 24. Ne4 Nxd3 25. Rd1 Nb2 26. Ra1 b6 27. f4 Bb7 28. Re1 Bxe4 29. Rxe4 Kxd6 30. Kf2 Nxa4 31. Kf3 Nc3 32. Re1 e4+ 33. Kf2 f5 34. h3 Nf6 35. Bh4 e3+ 36. Kf3 Nfe4 37. g4 g6 38. gxf5 gxf5 39. Rg1 Rhg8 40. Rh1 Rg6 41. Be1 Rag8 42. Bxc3 Nxc3 43. h4 Rg3# 0-1